Australia by Letter - Y - Statistics

General Stats
  • This quiz has been taken 9 times
  • The average score is 7 of 10
Answer Stats
Hint Answer % Correct
The Sydney to Hobart is a race for this type of boat Yacht
100%
Hard _____, meaning hard work Yakka
89%
Melbourne's river Yarra
89%
Biscuit, best known in South Australia, that shares its name with a children's toy Yo-yo
89%
Last named shared by marathon runner Cliff, musician brothers Angus and Malcolm, and singer John Paul Young
78%
Type of freshwater crayfish Yabby
67%
Peninsula in South Australia about 185 kilometres from Adelaide Yorke
56%
Australian equivalent of a yeti or Bigfoot Yowie
56%
Rock band known for the 1991 song "Treaty" Yothu Yindi
44%
Canberra suburb home to Government House Yarralumla
33%
No matching quizzes found
Score Distribution
Percent of People with Each Score
Percentile by Number Answered
Your Score History
You have not taken this quiz